| 000 | 00516nam a22001577a 4500 | ||
|---|---|---|---|
| 003 | NUST | ||
| 038 | _aNusrat Nadeem | ||
| 082 | _a200 | ||
| 100 |
_aJANI, ZILL A HUMA _9133137 |
||
| 245 |
_aCLIMATE FINANCING TRENDS IN SOUTH ASIAN COUNTRIES AND THEIR IMPACT ON CO2 EMISSIONS/ _cZILL A HUMA JANI, |
||
| 264 |
_aIslamabad: _bS3H NUST. _c2026. |
||
| 650 |
_aMS-Economics _9123068 |
||
| 700 |
_aSupervisor, Dr. Muhammad Ali _9124901 |
||
| 856 | _uhttp://10.250.8.41:8080/xmlui/handle/123456789/57310 | ||
| 942 |
_2ddc _cSC |
||
| 999 |
_c616148 _d616148 |
||